LEADER 03612nam 2200625 450 001 9910790819003321 005 20221107234455.0 010 $a0-19-997069-6 010 $a0-19-997068-8 035 $a(CKB)2550000001176821 035 $a(StDuBDS)AH25068319 035 $a(SSID)ssj0001037780 035 $a(PQKBManifestationID)12424314 035 $a(PQKBTitleCode)TC0001037780 035 $a(PQKBWorkID)11045879 035 $a(PQKB)10756823 035 $a(MiAaPQ)EBC1132273 035 $a(Au-PeEL)EBL1132273 035 $a(CaPaEBR)ebr10823007 035 $a(CaONFJC)MIL558107 035 $a(OCoLC)922904489 035 $a(EXLCZ)992550000001176821 100 $a20140114d2013 uy 0 101 0 $aeng 135 $aur||||||||||| 181 $ctxt 182 $cc 183 $acr 200 10$aBad boys, bad men $econfronting antisocial personality disorder (sociopathy) /$fDonald W. Black 205 $aRev. ed. 210 1$aOxford, [England] ;$aNew York, [New York] :$cOxford University Press,$d2013. 210 4$dİ2013 215 $a1 online resource (xxvi, 318 pages, 4 pages of plates )$cillustrations 300 $aPrevious ed.: 1999. 300 $aFormerly CIP.$5Uk 311 $a0-19-986203-6 311 $a1-306-26856-7 320 $aIncludes bibliographical references and index. 327 $aA lurking threat : antisocial personality disorder and society -- Searching for answers : the evolving psychiatric view of antisocial personality disorder -- Bad boys to bad men : the symptoms of antisocial personality disorder -- Naming the problem : the diagnosis of antisocial personality disorder -- Divergent paths : the natural history of antisocial personality disorder -- Seeds of despair : the causes of antisocial personality disorder -- Overcoming antisocial personality disorder : options for treatment -- Power and pretense : the hidden antisocials -- The antisocial murderer : Gacy and others -- Antisocial personality disorder and families : finding ways to cope. 330 8 $a'Bad Boys, Bad Men' examines the causes, manifestations and solutions to antisocial personality disorder in men. It summarises recent advances in genetics, brain imaging and psychophysiologic research that shed light on ASP.$bSeveral years after the first edition of Bad Boys, Bad Men was published, Donald W. Black, MD, brings us the Revised and Updated edition. Containing the same examination of antisocial personality disorder, Dr. Black continues to draw on case studies, scientific data, and current events to explore antisocial behavior in people.In this new edition, Dr. Black builds upon the succes of the previous volume and updates it with new research findings, including the genetic and biological determinants of antisocial personality disorder. Dr. Black also discusses the difference between, and overlap with, psychopathy. Several new cases have been added to Bad Boys, Bad Men including John Wayne Gacy, Mike Tyson, and Sadam Hussein. He also briefly discusses antisocial women, and provides a case example of Aileen Wuornos. 606 $aAntisocial personality disorders$xTreatment 606 $aBehavior modification 606 $aMen$xMental health 615 0$aAntisocial personality disorders$xTreatment. 615 0$aBehavior modification. 615 0$aMen$xMental health. 676 $a616.85/82 700 $aBlack$b Donald W.$f1956-$01480927 801 0$bMiAaPQ 801 1$bMiAaPQ 801 2$bMiAaPQ 906 $aBOOK 912 $a9910790819003321 996 $aBad boys, bad men$93697746 997 $aUNINA